| 000 | 01014nam0a2200325 4500 | ||
|---|---|---|---|
| 001 | RU\NLR\bibl\416887 | ||
| 005 | 20250622172523.0 | ||
| 010 |
_a5-352-00357-4 _bВ пер. _97000 |
||
| 021 |
_aRU _b2003-24723 _91152 |
||
| 035 | _a(NLR Aleph) 000410875 | ||
| 090 |
_a634305 _c634305 |
||
| 100 | _a20030627d2003 |||y0rusy50 ca | ||
| 101 | 1 |
_arus _cpol |
|
| 102 | _aRU | ||
| 105 | _ay ||||||||| | ||
| 200 | 1 |
_aБелый ворон _e[Роман] _fАнджей Стасюк _g[Пер. с пол. Л. Цывьяна] |
|
| 210 |
_aСПб. _cАзбука-классика _d2003 |
||
| 215 |
_a347,[1] с. _d21 |
||
| 225 | 1 | _aBibliotheca stylorum | |
| 675 |
_a821.162.1-31Стасюк _v3 _zrus |
||
| 686 |
_a17.82 _2rugasnti |
||
| 686 |
_a84(4Пол)-44 _2rubbk |
||
| 686 | _aШ6(4П)77-440.4{Лх1129-50} | ||
| 700 | 1 |
_aСтасюк _bА. _gАнджей _4070 |
|
| 801 | 0 |
_aRU _bRKP _c20030627 _gPSBO |
|
| 801 | 1 |
_aRU _bRKP _c20030627 |
|
| 801 | 2 |
_aRU _bNLR _c20030808 _grcr |
|
| 942 | _cBOOK | ||
| 980 | _aNB | ||